000 00521nam a22001577a 4500
003 NUST
082 _a621
100 _aHafeez ,Ossama
_9122422
245 _aBiomimetic Study of Hydrodynamic Analysis of Flapping Fish /
_cOssama Hafeez
264 _aIslamabad:
_bSMME- NUST.
_c2021.
300 _a62p. ;
_bSoft Copy,
_c30cm.
650 _aMS Mechanical Engineering
_9119495
700 _aSupervisor : Dr. Emad Uddin
_9119529
856 _u http://10.250.8.41:8080/xmlui/handle/123456789/26328
942 _2ddc
_cTHE
999 _c608918
_d608918